000 01629nam a2200445 i 4500
001 ELB51894
003 FlNmELB
006 m o d |
007 cr cnu||||||||
008 150121s2001 sp o 001 0 spa d
020 _z9788472995192
020 _a9788472999237 (e-book)
035 _a(MiAaPQ)EBC3226769
035 _a(Au-PeEL)EBL3226769
035 _a(CaPaEBR)ebr11002149
035 _a(OCoLC)991948303
040 _aFINmELB
_bspa
_erda
_cFINmELB
050 4 _aBV4501.2
_bC933 2001
080 _a24
082 0 _a248.4
_223
245 0 0 _aCristianos al servicio del reino /
_cNicanor Martínez García [y otros 6].
264 1 _aSalamanca :
_bUniversidad Pontificia de Salamanca,
_c[2001]
300 _a1 recurso en línea (182 páginas)
336 _atexto
_btxt
_2rdacontent/spa
337 _acomputadora
_bc
_2rdamedia/spa
338 _arecurso en línea
_bcr
_2rdacarrier/spa
490 1 _aTeología en diálogo ;
_v21
500 _aContiene índice.
588 _aDescripción basada en recurso en línea; Título de la página del título en PDF (e-libro, visto January 21, 2015).
590 _aRecurso electrónico. Santa Fe, Arg.: e-libro, 2015. Disponible vía World Wide Web. El acceso puede estar limitado para las bibliotecas afiliadas a e-libro.
650 0 _aChristian life.
650 4 _aVida cristiana.
650 0 _aChristianity.
650 4 _aCristianismo.
655 4 _aLibros electrónicos.
700 1 _aMartínez García, Nicanor.
797 2 _ae-libro, Corp.
830 0 _aTeología en diálogo ;
_v21.
856 4 0 _uhttps://elibro.net/ereader/usam/51894
999 _c141207
_d141207